| 000 | 00525cam a2200193ua 4500 | ||
|---|---|---|---|
| 001 | 6704 | ||
| 008 | 140305n ii |||gr||||Z||||||eng | ||
| 020 | _a0-07-058548-2 | ||
| 040 | _cMAIN | ||
| 082 | _a658.15 | ||
| 245 |
_aFinancial management : _bTheory and practice / _cBy Prasanna chandra . |
||
| 250 | _a6th ed. | ||
| 260 |
_aNew delhi: _bTata McGraw-hill, _c2004. |
||
| 300 | _axxix,1150p. | ||
| 653 | _aGeneral management | ||
| 653 | _aFinancial management : | ||
| 700 |
_aChandra,Prasanna, _eAuthor. |
||
| 942 | _cBK | ||
| 999 |
_c5852 _d5852 |
||